Hồ Chủ Tịch trong lòng nhân dân thế giới
Tuyển tập các bài viết đăng trên các báo nước ngoài về cuộc đời, sự nghiệp, tình cảm, hồi ức, kỷ niệm của Hồ Chí Minh; Những đánh giá tốt đẹp về tư tưởng, vai trò, công lao của Người
Đã lưu trong:
| Định dạng: | Sách |
|---|---|
| Ngôn ngữ: | Vietnamese |
| Được phát hành: |
H.
Sự thật
1979
|
| Những chủ đề: | |
| Các nhãn: |
Thêm thẻ
Không có thẻ, Là người đầu tiên thẻ bản ghi này!
|
| Thư viện lưu trữ: | Mạng thư viện Đại học Đà Nẵng |
|---|
| LEADER | 00953nam a22002898a 4500 | ||
|---|---|---|---|
| 001 | 000007501 | ||
| 003 | 3663 | ||
| 005 | 20111005081000.0 | ||
| 008 | 111005s1979 b 000 0 vieod | ||
| 020 | |c 1,20đ |d 10200b | ||
| 041 | 0 | |a vie | |
| 084 | |a A |b H450C | ||
| 245 | 1 | 0 | |a Hồ Chủ Tịch trong lòng nhân dân thế giới |
| 260 | |a H. |b Sự thật |c 1979 | ||
| 300 | |a 191tr |c 21cm | ||
| 520 | |a Tuyển tập các bài viết đăng trên các báo nước ngoài về cuộc đời, sự nghiệp, tình cảm, hồi ức, kỷ niệm của Hồ Chí Minh; Những đánh giá tốt đẹp về tư tưởng, vai trò, công lao của Người | ||
| 653 | |a Hồ Chí Minh | ||
| 653 | |a thế giới | ||
| 653 | |a tiểu sử | ||
| OWN | |a LSP | ||
| 999 | |a From the UDN01 | ||
| TYP | |a Monograph | ||
| TYP | |a Printed language | ||
| 980 | |a Mạng thư viện Đại học Đà Nẵng | ||